[Event "AUT-GER corr9697"]
[Site "Austria"]
[Date "1999.??.??"]
[Round "?"]
[White "Bellmann, Herbert"]
[Black "Hirsch, Anton"]
[Result "1-0"]
[WhiteElo "2460"]
[BlackElo "2424"]
[PlyCount "131"]
[EventDate "1996.??.??"]
[EventType "team (corr)"]
[EventRounds "2"]
[EventCountry "AUT"]
[SourceTitle "Corr 2002"]
[Source "ChessBase"]
[SourceDate "2002.05.23"]
[SourceVersion "1"]
[SourceVersionDate "2002.05.23"]
[SourceQuality "1"]

1. d4 Nf6 2. c4 g6 3. Nc3 d5 4. cxd5 Nxd5 5. e4 Nxc3 6. bxc3 Bg7 7. Bc4 c5 8. Ne2 0-0 9. 0-0 Nc6 10. Be3 Bg4 11. f3 Na5 12. Bxf7+ Rxf7 13. fxg4 Rxf1+ 14. Kxf1 Qd6 15. e5 Qd5 16. Bf2 Rd8 17. Qa4 b6 18. Qc2 Rc8 19. Qd1 Rd8 20. Qc1 Rc8 21. Qg5 Qf7 22. Qf4 cxd4 23. cxd4 Rc2 24. Qxf7+ Kxf7 25. g5 Nc4 26. Ke1 b5 27. a4 bxa4 28. Rxa4 a5 29. Bg3 e6 30. Bf4 Nb2 31. Ra3 Bf8 32. Rf3 Ke8 33. Bd2 Nc4 34. Bc1 Nb2 35. Bxb2 Rxb2 36. Rf6 Bb4+ 37. Kf1 Ke7 38. Nf4 Rd2 39. Rxe6+ Kd7 40. Ra6 Rxd4 41. g3 Bd2 42. Ne6 Rd5 43. Nf8+ Ke8 44. Nxh7 Rxe5 45. Rxg6 a4 46. Rd6 Bc3 47. Rc6 Re1+ 48. Kg2 a3 49. Rxc3 a2 50. Ra3 a1Q 51. Rxa1 Rxa1 52. h4 Kf7 53. h5 Ra5 54. g4 Kg7 55. g6 Ra3 56. Ng5 Rb3 57. Ne6+ Kf6 58. Nf4 Kg7 59. Nd5 Ra3 60. Ne7 Rb3 61. Nf5+ Kh8 62. h6 Rb7 63. Nd6 Rb2+ 64. Kg3 Kg8 65. h7+ Kg7 66. Nf7 1-0

[Event "AUT-GER corr9697"]
[Site "Austria"]
[Date "1999.??.??"]
[Round "?"]
[White "Hirsch, Anton"]
[Black "Bellmann, Herbert"]
[Result "0-1"]
[WhiteElo "2424"]
[BlackElo "2460"]
[PlyCount "124"]
[EventDate "1996.??.??"]
[EventType "team (corr)"]
[EventRounds "2"]
[EventCountry "AUT"]
[SourceTitle "Corr 2002"]
[Source "ChessBase"]
[SourceDate "2002.05.23"]
[SourceVersion "1"]
[SourceVersionDate "2002.05.23"]
[SourceQuality "1"]

1. Nf3 Nf6 2. c4 e6 3. g3 d5 4. d4 dxc4 5. Bg2 Nc6 6. Qa4 Bd7 7. Qxc4 Na5 8. Qd3 c5 9. 0-0 Bc6 10. Nc3 c4 11. Qc2 Bb4 12. Bg5 0-0 13. Rad1 Rc8 14. d5 exd5 15. Bxf6 Qxf6 16. Nxd5 Bxd5 17. Rxd5 b6 18. Rfd1 Be7 19. Ng5 g6 20. h4 a6 21. Rd7 Nc6 22. Bxc6 Rxc6 23. R1d4 h6 24. Rf4 Qe5 25. Nf3 Qe6 26. Ra7 Bf6 27. Nd4 Bxd4 28. Rxd4 b5 29. Qd2 Qf6 30. Rdd7 Re6 31. e3 Qf5 32. Qd4 Re4 33. Qd2 Re6 34. Rd8 Qf6 35. Rxf8+ Kxf8 36. Qd7 Kg7 37. Ra8 h5 38. Qc8 Kh6 39. Qf8+ Qg7 40. Kf1 Qxf8 41. Rxf8 Kg7 42. Rc8 Kf6 43. a4 Rb6 44. axb5 axb5 45. Rc5 Ke6 46. e4 Kd6 47. Rd5+ Kc6 48. Ke2 Ra6 49. Kd2 Ra1 50. Kc3 Rf1 51. Rd2 Re1 52. Kd4 f6 53. b3 cxb3 54. Rb2 Rd1+ 55. Kc3 Kc5 56. Rxb3 Re1 57. Kd3 b4 58. Rb2 Rd1+ 59. Kc2 Rd4 60. Ra2 Rc4+ 61. Kb3 Rc3+ 62. Kb2 Ra3 0-1